Qaḍāʾ al-arab fī dirāsat luġhat al-ʿArab /

محفوظ في:

المؤلف الرئيسي: Ceretʿeli, G. (مؤلف)

التنسيق: كتاب

اللغة: Arabic

منشور في: Tbilis : [publisher not identified], 1938.

الموضوعات:

الوسوم: إضافة وسم

لا توجد وسوم, كن أول من يضع وسما على هذه التسجيلة!

رقم الطلب: PJ6119 .C4 1938

LEADER 00802nam a2200205Ia 4500
003 OSt
005 20230920062318.0
008 130303s1938 gau 000 0 ara d
952 |0 0  |1 0  |2 lcc  |4 0  |6 PJ6119 C4 01938  |7 1  |9 50190  |a ARCE  |b ARCE  |d 2023-09-20  |l 0  |o PJ6119 .C4 1938  |p 1029227  |r 2023-09-20 00:00:00  |w 2023-09-20  |y BK 
999 |c 29363  |d 29363 
040 |c ARCE Library 
050 4 |a PJ6119 .C4 1938 
100 1 |a Ceretʿeli, G.,  |e author  |9 27860 
245 1 0 |6 880-02  |a Qaḍāʾ al-arab fī dirāsat luġhat al-ʿArab /   |c Giorgi Ceretʹeli. 
264 1 |a Tbilis :  |b [publisher not identified],  |c 1938. 
300 |a 16, 107 pages ;   |c 24 cm. 
650 0 |a Arabic language   |x Grammar. 
880 1 4 |6 245-02/(3/r  |a قضاء الأرب في دراسة لغة العرب   |c Giorgi Ceretʹeli. 
901 |a reviewed 
942 |c BK  |2 lcc